Les vrais créateurs de l'opéra français, Perrin et Cambert,

Bibliographic Details
Main Author: Pougin, Arthur, 1834-1921
Format: Book
Language:French
Published: Paris : Charavay frères, 1881.
Subjects:

MARC

Tag First Indicator Second Indicator Subfields
LEADER 00000cam a22000001 4500
001 in00002052238
005 20240625235029.0
008 761109s1881 fr b 001 0 fre
010 |a  08024553  
016 7 |a 002970935  |2 Uk 
019 |a 992668744  |a 1089354368  |a 1272248717  |a 1272564116 
035 |a (OCoLC)ocm02530125 
035 |a (OCoLC)2530125  |z (OCoLC)992668744  |z (OCoLC)1089354368  |z (OCoLC)1272248717  |z (OCoLC)1272564116 
035 |a (OCoLC)ocm02530125 
035 |a (Voyager)2564786 
040 |a DLC  |b eng  |c COO  |d NLGGC  |d OCLCG  |d STF  |d KRTAS  |d KIJ  |d UKMGB  |d OCLCA  |d OCLCQ  |d OCLCO  |d OCLCF  |d OCL  |d OCLCA  |d J9U  |d OCLCQ  |d OCLCO  |d OCLCL 
043 |a e-fr--- 
050 0 4 |a ML1727.2  |b .P87 
082 0 |a 782.0944 
084 |a 24.62  |2 bcl 
090 |a ML1727.2  |b .P87 1881 
100 1 |a Pougin, Arthur,  |d 1834-1921.  |1 https://id.oclc.org/worldcat/entity/E39PBJwhBvfrVHtk4HcKwXwQv3 
245 1 4 |a Les vrais créateurs de l'opéra français, Perrin et Cambert,  |c par Arthur Pougin. 
246 3 0 |a Opéra français 
264 1 |a Paris :  |b Charavay frères,  |c 1881. 
300 |a 311 pages, 1 unnumbered page ;  |c 19 cm 
336 |a text  |b txt  |2 rdacontent 
337 |a unmediated  |b n  |2 rdamedia 
338 |a volume  |b nc  |2 rdacarrier 
340 |m 18mo.  |2 rdabf 
500 |a "Le trio bouffe de Cariselli, musique de Cambert, avec accompagnement de piano de m. Weckerlin": pages 281-297. 
504 |a Includes bibliographical references and index. 
536 |a From the Howard Mayer Brown, Edward Downes and Mary Schieffelin Book Collections, October 2004. 
600 1 0 |a Perrin, P.  |q (Pierre),  |d approximately 1620-1675. 
600 1 0 |a Cambert, Robert,  |d approximately 1628-1677. 
650 0 |a Opera  |z France  |y 17th century. 
650 6 |a Opéra  |z France  |y 17e siècle. 
600 1 7 |a Cambert, Robert,  |d approximately 1628-1677.  |2 fast  |0 (OCoLC)fst01811060  |1 https://id.oclc.org/worldcat/entity/E39PBJy48g7Rvt4QHcM96dfrMP 
600 1 7 |a Perrin, P.  |q (Pierre),  |d approximately 1620-1675.  |2 fast  |0 (OCoLC)fst01840969  |1 https://id.oclc.org/worldcat/entity/E39PBJqBv6cwrxqBfQvTRx9xDq 
650 7 |a Opera.  |2 fast  |0 (OCoLC)fst01046145 
651 7 |a France.  |2 fast  |0 (OCoLC)fst01204289  |1 https://id.oclc.org/worldcat/entity/E39PBJd8gD4vdtqQMdQHvYqbBP 
650 1 7 |a Opera's.  |2 gtt 
600 1 7 |a Perrin, Pierre  |2 nli 
600 1 7 |a Cambert, Robert  |2 nli 
650 7 |a Opera  |z France  |2 nli 
648 7 |a 1600-1699  |2 fast 
758 |i has work:  |a Les vrais créateurs de l'opéra français, Perrin et Cambert (Text)  |1 https://id.oclc.org/worldcat/entity/E39PCFYdyTWBjMFw8WhqCf6YRq  |4 https://id.oclc.org/worldcat/ontology/hasWork 
776 0 8 |i Online version:  |a Pougin, Arthur, 1834-1921.  |t Vrais créateurs de l'opéra français, Perrin et Cambert.  |d Paris, Charavay frères, 1881  |w (OCoLC)610607247 
938 |a Kirtas Technologies, Inc.  |b KRTS  |n 495942 
948 |a cataloged  |b h  |c 2005/5/11  |d c  |e bhartsfi  |f 1:40:50 pm 
948 |h HELD BY TXA - 69 OTHER HOLDINGS 
994 |a Z0  |b TXA 
999 f f |s 4ec4a82b-5683-32dd-9eab-769f5e837031  |i 3aeaa8c7-1f32-3cf0-a08d-e7f5c6550747  |t 0 
952 f f |p noncirc  |a Texas A&M University  |b College Station  |c Cushing Memorial Library & Archives  |d Cushing: Dawson French (Does not check out)  |t 0  |e ML1727.2 .P87 1881  |h Library of Congress classification  |i unmediated -- volume  |m A14833756124 
998 f f |a ML1727.2 .P87 1881  |t 0  |l Cushing: Dawson French (Does not check out)